000
00290nam a2200121Ia 4500
008
231129s9999||||xx |||||||||||||| ||spa||
040
_b
spa
082
_a
843 S137p
100
_a
Saint-Exupery Antoine de
245
0
_a
El principito
264
_a
[s.l. : s.n.] [198?].
942
_2
ddc
_c
BKS
999
_c
12195
_d
12195